Songs that Hit #1 with Two Different Artists - Statistics

General Stats
  • This quiz has been taken 220 times
  • The average score is 4 of 9
Answer Stats
Year Artist Year Artist Song % Correct
1970 Shocking Blue 1986 Bananarama Venus
72%
1975 Labelle 2001 Christina Aguilera et al. Lady Marmalade
71%
1966 Percy Sledge 1991 Michael Bolton When a Man Loves a Woman
65%
1962 Little Eva 1974 Grand Funk Railroad The Loco-Motion
57%
1972 Bill Withers 1987 Club Nouveau Lean on Me
55%
1970 The Jackson 5 1992 Mariah Carey I'll Be There
38%
1961 The Marvelettes 1975 The Carpenters Please Mr. Postman
31%
1966 The Supremes 1987 Kim Wilde You Keep Me Hangin' On
31%
1963 Steve Lawrence 1971 Donny Osmond Go Away Little Girl
17%
No matching quizzes found
Score Distribution
Percent of People with Each Score
Percentile by Number Answered
Your Score History
You have not taken this quiz